[Event "Toronto Reserves"]
[Site "Toronto"]
[Date "1982.02.??"]
[Round "7"]
[White "Boross Harmer, Peter"]
[Black "Nasir, Nasim"]
[Result "0-1"]
[WhiteElo "1842"]
[BlackElo "1848"]
[PlyCount "70"]
[EventDate "1982.02.??"]
[EventType "tourn"]
[EventRounds "11"]
[EventCountry "CAN"]
[SourceTitle "EXT 2022"]
[Source "ChessBase"]
[SourceDate "2021.10.06"]
[SourceVersion "1"]
[SourceVersionDate "2021.10.06"]
[SourceQuality "1"]

1. c4 Nf6 2. d4 e6 3. Nc3 Bb4 4. a3 Bxc3+ 5. bxc3 d5 6. Bf4 Nbd7 7. c5 b6 8. c6 Nb8 9. Qa4 Ba6 10. h3 Bc4 11. Rb1 Ne4 12. Rxb6 Nxc3 13. Qb4 axb6 14. Qxc3 Nxc6 15. e4 b5 16. Nf3 Qe7 17. Bc1 Na5 18. Nd2 Bxf1 19. Kxf1 0-0 20. g3 dxe4 21. Nxe4 Nc4 22. Nc5 c6 23. Kg2 Qd6 24. Rd1 Qd5+ 25. f3 Rfd8 26. Nb7 Rd7 27. Nc5 Rda7 28. Rd3 Nxa3 29. Bxa3 Rxa3 30. Qxa3 Rxa3 31. Rxa3 g6 32. Rd3 h5 33. Ne4 Kg7 34. Kf2 e5 35. Ke2 c5 0-1

[Event "Toronto Reserves"]
[Site "Toronto"]
[Date "1982.02.??"]
[Round "3"]
[White "Evans, Bill"]
[Black "Nasir, Nasim"]
[Result "1-0"]
[WhiteElo "2028"]
[BlackElo "1848"]
[PlyCount "71"]
[EventDate "1982.02.??"]
[EventType "tourn"]
[EventRounds "11"]
[EventCountry "CAN"]
[SourceTitle "EXT 2022"]
[Source "ChessBase"]
[SourceDate "2021.10.06"]
[SourceVersion "1"]
[SourceVersionDate "2021.10.06"]
[SourceQuality "1"]

1. d4 Nf6 2. c4 e6 3. Nf3 Bb4+ 4. Bd2 Bxd2+ 5. Qxd2 0-0 6. Nc3 d5 7. e3 b6 8. cxd5 exd5 9. Bd3 Ba6 10. 0-0 Bxd3 11. Qxd3 Nbd7 12. Qf5 c6 13. b4 Qe7 14. b5 Qd6 15. bxc6 Qxc6 16. Rac1 Qe6 17. Qxe6 fxe6 18. Nb5 Ne8 19. Nc7 Nxc7 20. Rxc7 Rfd8 21. Rfc1 Nf8 22. Ne5 a5 23. Kf1 b5 24. Rb7 Rdb8 25. Rcc7 Rxb7 26. Rxb7 Rc8 27. Rxb5 Rc1+ 28. Ke2 Rc2+ 29. Kf3 Rxa2 30. Rb8 a4 31. Nd7 Kf7 32. Nxf8 a3 33. Nxh7 Ra1 34. Rb7+ Kg8 35. Ng5 a2 36. Rb8# 1-0

[Event "Toronto Reserves"]
[Site "Toronto"]
[Date "1982.02.??"]
[Round "4"]
[White "Nasir, Nasim"]
[Black "Rakhinshteyn, Fima"]
[Result "0-1"]
[WhiteElo "1848"]
[BlackElo "2051"]
[PlyCount "115"]
[EventDate "1982.02.??"]
[EventType "tourn"]
[EventRounds "11"]
[EventCountry "CAN"]
[SourceTitle "EXT 2022"]
[Source "ChessBase"]
[SourceDate "2021.10.06"]
[SourceVersion "1"]
[SourceVersionDate "2021.10.06"]
[SourceQuality "1"]

1. e4 c5 2. Nf3 d6 3. Bb5+ Bd7 4. Bxd7+ Qxd7 5. c4 Qg4 6. 0-0 Qxe4 7. d4 cxd4 8. Re1 Qg4 9. h3 Qd7 10. Nxd4 Nc6 11. Nb5 e6 12. Bf4 0-0-0 13. Be3 a6 14. Nd4 Nge7 15. Nc3 Nxd4 16. Bxd4 Kb8 17. Na4 Nf5 18. Bb6 Rc8 19. Ba5 Qc6 20. Nb6 Re8 21. Rc1 Be7 22. b4 Bf6 23. Qd3 Bd4 24. b5 Qc7 25. c5 Bxc5 26. Nc4 Qd7 27. bxa6 Qb5 28. Rb1 Qxa6 29. Bb6 Rc8 30. Rec1 d5 31. Ne5 Qxd3 32. Nxd3 Bxb6 33. Rxb6 Rxc1+ 34. Nxc1 Rc8 35. Nd3 Rc6 36. Rb4 Rc3 37. Ne5 f6 38. Nd7+ Kc7 39. Nf8 e5 40. Nxh7 Rc1+ 41. Kh2 Rc2 42. Nf8 Rxf2 43. a4 Ne3 44. Kg3 Rxg2+ 45. Kf3 d4 46. Ne6+ Kd6 47. Nxd4 Kc5 48. Rb5+ Kxd4 49. Rb4+ Kd3 50. Rb3+ Kd4 51. Rb4+ Kd5 52. Rxb7 Ra2 53. Kxe3 Rxa4 54. Kf2 Ra3 55. Rxg7 Rxh3 56. Rf7 Ke6 57. Rf8 f5 58. Rd8 0-1